| 000 | 00746nam a2200181Ia 4500 | ||
|---|---|---|---|
| 008 | 100921s9999 xx 000 0 und d | ||
| 082 |
_b40007 _a175 न 05 |
||
| 100 | _aभोसले राजन. | ||
| 245 | _aअथातो कामजिज्ञासा. | ||
| 260 |
_bमनोविकास प्रकाशन, म्ंाुबई. _c2005 |
||
| 300 |
_a255 _bजयेश एजन्सी,पुणे. |
||
| 365 | _b150 | ||
| 520 | _aनीतिशास्त्र-रंजन-नीती. | ||
| 630 | _aअथातो कामजिज्ञासा. | ||
| 650 | _aनीतिशास्त्र-रंजन-नीती. | ||
| 730 | _aअथातो कामजिज्ञासा. | ||
| 942 | _cBOOK | ||
| 999 |
_c789120 _d789117 |
||